TB. OF CLINICAL DERMATOLOGY (Record no. 14601)
[ view plain ]
| 000 -LEADER | |
|---|---|
| fixed length control field | 00313nam a22001457a 4500 |
| 003 - CONTROL NUMBER IDENTIFIER | |
| control field | SGT |
| 082 ## - DEWEY DECIMAL CLASSIFICATION NUMBER | |
| Classification number | 616.5 |
| Item number | C11S |
| 100 ## - MAIN ENTRY--PERSONAL NAME | |
| Personal name | SEHGAL, VIRENDRA N. |
| 245 ## - TITLE STATEMENT | |
| Title | TB. OF CLINICAL DERMATOLOGY |
| 250 ## - EDITION STATEMENT | |
| Edition statement | 5TH |
| 260 ## - PUBLICATION, DISTRIBUTION, ETC. (IMPRINT) | |
| Place of publication, distribution, etc | INDIA |
| Name of publisher, distributor, etc | JAYPEE |
| Year of Publication | 2011 |
| 300 ## - PAGE DESCRIPTION | |
| No. of Pages | 354 |
| 650 ## - SUBJECT ADDED ENTRY--TOPICAL TERM | |
| Topical term or geographic name as entry element | DERMATOLOGY |
| 942 ## - ADDED ENTRY ELEMENTS (KOHA) | |
| Source of classification or shelving scheme | Dewey Decimal Classification |
| Koha item type | Books |
| Withdrawn status | Lost status | Source of classification or shelving scheme | Damaged status | Not for loan | Collection code | Home library | Current library | Shelving location | Date acquired | Vendor Name | SGTU | Total Checkouts | Full call number | Accession No. (Barcode) | Date last seen | Bill Date | Koha item type | Date last borrowed |
|---|---|---|---|---|---|---|---|---|---|---|---|---|---|---|---|---|---|---|
| Dewey Decimal Classification | MEDICAL | SGT Medical Library | SGT Medical Library | Text Book | 17/01/2018 | ABC | SGTU | 616.5 C11S | FM9421 | 17/01/2018 | 17/01/2018 | Books | ||||||
| Dewey Decimal Classification | MEDICAL | SGT Medical Library | SGT Medical Library | Text Book | 17/01/2018 | ABC | SGTU | 1 | 616.5 C11S | FM9422 | 27/09/2018 | 17/01/2018 | Books | 27/09/2018 | ||||
| Dewey Decimal Classification | MEDICAL | SGT Medical Library | SGT Medical Library | Text Book | 17/01/2018 | ABC | SGTU | 616.5 C11S | FM9423 | 17/01/2018 | 17/01/2018 | Books | ||||||
| Dewey Decimal Classification | MEDICAL | SGT Medical Library | SGT Medical Library | Text Book | 17/01/2018 | ABC | SGTU | 616.5 C11S | FM9424 | 17/01/2018 | 17/01/2018 | Books | ||||||
| Dewey Decimal Classification | MEDICAL | SGT Medical Library | SGT Medical Library | Text Book | 17/01/2018 | ABC | SGTU | 616.5 C11S | FM9425 | 17/01/2018 | 17/01/2018 | Books |